000 00331nam a22001457a 4500
003 SGT
082 _a617.643
_bE21K
100 _aKirti
245 _aEvolution of Orthodontics brackts
260 _aGurugram, Haryana
_bSGT University
_c2021
300 _a185
650 _aOrthodontics
653 _aOrthodontics
942 _2ddc
_cTH
999 _c23619
_d23619